000 00470nam a2200169Ia 4500
008 240729s9999 xx 000 0 und d
022 _a2813-4532
245 0 _aFrontiers in Cognition
260 _aSwitzerland
260 _bFrontiers Media S.A.
650 _a Consciousness. Cognition
650 _a Psychology
650 _aPhilosophy. Psychology. Religion
856 _uhttps://doaj.org/toc/fd4708ed1dad477d957bfb8ad7d45c87
942 _2ddc
942 _cDOAJEJ
999 _c74874
_d74874
945 _a1
_bMadushi Gamage
_c1
_dMadushi Gamage